000 00267nam a22001217a 4500
008 170601b xxu||||| |||| 00| 0 eng d
041 _aeng
080 _22ND
_a94(7/8)
100 _a17
101 _aSHH
245 _aAMERICAN HISTORY
_cCURRENT, R.N
942 _2udc
_cBK
999 _c15429
_d15429